00350nam a2200133Ia 4500008004100000020001500041041001200056082001600068100001900084245006600103260002500169300000800194650001400202221030s9999 xx 000 0 und d a0071144048 aEnglish a105.23bGol aD. E. Goldberg 0aSchaum`s 3000 Solved Problems In Chemistrycby D. E. Goldberg bTMHaNew Delhic1997 a613 aChemistry